00503nam a2200181Ia 450000500170000000800410001704000190005804100120007708200170008910000130010624500950011926000300021430000150024450400190025965000140027870000180029285000110031020240305093758.0131103s9999 xx 000 0 und d aLoreto College aEnglish a371.26 bGRE aGreene,A aMeasurement and Evaluation in the Elementary School, cA Greene, N Jorgensen & Gerberich aNew YorkbLongsmansc1953 axxi,617p.  aIncludes index aEducation aJorgensen, N  aLCLIB